| 000 -LEADER |
| fixed length control field |
00752nam a2200217Ia 4500 |
| 001 - CONTROL NUMBER |
| control field |
2089 |
| 003 - CONTROL NUMBER IDENTIFIER |
| control field |
GE_BSU |
| 005 - DATE AND TIME OF LATEST TRANSACTION |
| control field |
20221024112446.0 |
| 008 - FIXED-LENGTH DATA ELEMENTS--GENERAL INFORMATION |
| fixed length control field |
181216s1990ru xx |||||||||||||| ||rus|| |
| 020 ## - INTERNATIONAL STANDARD BOOK NUMBER |
| International Standard Book Number |
5060010570 |
| 040 ## - CATALOGING SOURCE |
| Transcribing agency |
GE_BSU |
| 041 ## - LANGUAGE CODE |
| Language code of text/sound track or separate title |
rus |
| 080 ## - UNIVERSAL DECIMAL CLASSIFICATION NUMBER |
| Universal Decimal Classification number |
81'25 К-63 |
| 100 ## - MAIN ENTRY--PERSONAL NAME |
| Personal name |
Комиссаров, В.Н. |
| 9 (RLIN) |
7477 |
| 245 ## - TITLE STATEMENT |
| Title |
Теория перевода (лингвистические аспекты) : |
| Remainder of title |
В кач уч-ка для студ. ин-тов и фак-в иностр-х языков / |
| Statement of responsibility, etc. |
В.Н. Комиссаров. |
| 264 ## - PRODUCTION, PUBLICATION, DISTRIBUTION, MANUFACTURE, AND COPYRIGHT NOTICE |
| Place of production, publication, distribution, manufacture |
Москва, |
| Date of production, publication, distribution, manufacture, or copyright notice |
1990. |
| 300 ## - PHYSICAL DESCRIPTION |
| Extent |
253 стр.: |
| Other physical details |
21см. |
| 653 ## - INDEX TERM--UNCONTROLLED |
| keyword |
Теория перевода |
| 653 ## - INDEX TERM--UNCONTROLLED |
| keyword |
თარგმანის თეორია |
| 942 ## - ADDED ENTRY ELEMENTS (KOHA) |
| Koha item type |
წიგნი |
| Source of classification or shelving scheme |
|